000 04186nab a2200289 i 4500
003 BR-BrBNA
005 20250908141354.0
008 250908b2021 bl.ar|pooa||| 00| 0 eng |
040 _aBR-BrBNA
_beng
072 _aF60
072 _aF70
100 _aSilva, Marcos Vinicius Toledo e
100 _aGarrett, Rafael
100 _aSimas, Daniel Luiz Reis
100 _aKonno, Tatiana Ungaretti Paleo
100 _aMuzitano, Michelle Frazão
100 _aPinto, Shaft Corrêa
100 _aBarth, Thiago
245 _aChemical profile of Stachytarpheta schottiana by LC-HRMS/MS dereplication and molecular networking
500 _aPublicação on-line; 38 ref.; 1 table; 2 illus.; Summaries (En, Pt)
520 _a Abstract Restingas are extreme environments present in the Atlantic Rainforest biome. These ecosystems show peculiar characteristics, like sandy soil, high salinity, and high solar exposure, which brings scientific interest to their native species. Stachytarpheta schottiana is an endemic Brazilian species found in Jurubatiba Restinga, and just like other species of the genus Stachytarpheta, is used in folk medicine. In this paper, we describe, for the first time, 28 secondary metabolites from S. schottiana polar extract, among them iridoids, flavonoids, lignans and phenylethanoids, with the use of LC-HRMS/MS dereplication and molecular networking methodologies. Many of these compounds have not been described yet for the genus Stachytarpheta, like astragalin, taxifolin, lamiide and the lignans secondary metabolites class. Also, in this paper, High Speed Counter-Current Chromatography (HSCCC) isolation and Nuclear Magnetic Resonance (NMR) of two compounds were used to correct a misidentification in the dereplication procedure and to create seeds for molecular networking. Some of the suggested known compounds found in this work have had their biological activities described in the literature, such as the hepatoprotective activity of verbascoside, that matches those already related for the genus Stachytarpheta and for the folk use of Stachytarpheta schottiana itself. Key words: dereplication, Jurubatiba restinga, LC-MS/MS, molecular networking, Stachytarpheta schottiana. Resumo As restingas são ambientes com características extremas, que fazem parte do bioma da Mata Atlântica. Estes ambientes apresentam características peculiares, como solo arenoso e altas salinidade e exposição solar, o que torna as espécies presentes interessantes para a ciência. A espécie Stachytarpheta schottiana é endêmica do Brasil, presente em restingas e, assim como outras espécies do gênero, apresenta uso na medicina popular. Neste trabalho são descritos pela primeira vez 28 metabólitos secundários da espécie S. schottiana, como iridoides, lignanas, flavonoides e feniletanoides, através do uso de metodologias de desreplicação e molecular networking por LC-HRMS/MS. Destas substâncias, muitas sequer foram descritas para o gênero, como astragalina, taxifolina, lamiídeo e toda a classe de lignanas. Ainda neste trabalho, a Cromatografia Contracorrente de Alta Velocidade (High Speed Countercurrent Chromatography - HSCCC) e a Ressonância Magnética Nuclear (RMN) foram utilizadas para corrigir a identificação equivocada de duas substâncias, bem como para a criação de seeds que seriam posteriormente utilizadas nos molecular networkings. Algumas das substâncias conhecidas sugeridas neste trabalho apresentam atividades biológicas já descritas na literatura que coincidem com o uso popular descrito para a espécie e também para o gênero, como o efeito hepatoprotetor do verbascosídeo. Palavras-chave: desreplicação, restinga de Jurubatiba, LC-HRMS, molecular networking, Stachytarpheta schottiana.
650 _aRESTINGA
773 0 _0709
_9357347
_dRio de Janeiro-RJ Jardim Botanico do Rio de Janeiro 1935
_o2025-5311
_tRodriguésia (Brazil)
_x0370-6583; 2175-7860 on-line
_gv. 72 p. 1-11; (2021)
_wBR2025002241
856 _uhttps://www.scielo.br/j/rod/a/PJmNw4mQkKgJTWvSzp8YvdJ/?format=pdf&lang=en
942 _cANA
999 _c338060
_d338060